Instructor's Manual to Accompany Samuelson: Economics

Na minha lista:
Detalhes bibliográficos
Autor principal: Samuelson, Paul A.
Formato: Livro
Idioma:inglês
Publicado em: New York MacGraw-Hill Book Comp. 1980
Edição:11. ed.
Tags: Adicionar Tag
Sem tags, seja o primeiro a adicionar uma tag!

MARC

LEADER 00000nam a2200000 4500
001 c023933
005 20221220101936.8
041 0 |a eng 
044 |a US 
245 1 0 |a Instructor's Manual to Accompany Samuelson: Economics  |c Paul A. Samuelson 
250 |a 11. ed. 
264 1 |a New York  |b MacGraw-Hill Book Comp.  |c 1980 
300 |a 468 s. 
100 1 |a Samuelson, Paul A.